01335nam a22002057a 4500003000900000008004100009040007100050082001800121100002800139245004800167260002700215300002100242440002500263505076100288650001501049650001301064650001501077650001101092650002601103AR-CdUCM190321b ||||| |||| 00| 0 spa d aMUNICIPALIDAD PROVINCIAL DEL CUSCOcBIBLIOTECA MUNICIPAL DEL CUSCO a086.98 /bM26 aMariategui, Jose Carlos aObras completas de Jose Carlos Mariategui / aLima :bAmauta,c1959. a20 tomos ;c17cm aBiblioteca Amautan1 aContenido: t.1.- La escena contemporánea -- t.2.- 7 ensayos de interpretación de la realidad peruana -- t.3.- El alma matinal -- t.4.- La novela y la vida -- t.5.- Defensa del Marxismo -- t.6.- El artista y la época -- t.7.- Signos y obras -- t.8.- Historia de la crisis mundial -- t.9.- Poemas a Mariategui -- t.10.- Jose Carlos Mariategui etapas de su vida -- t.11.- Peruanicemos al Perú -- t.12.- Temas de nuestra América -- t.13.- Ideología y política -- t.14.- Temas de educación -- t.15.- Cartas de Italia -- t.16.- Figuras y aspectos de la vida mundial I -- t.17.- Figuras y aspectos de la vida mundial II -- t.18.- Figuras y aspectos de la vida mundial III -- t.19.- Amauta y su influencia -- t.20.- Mariategui y su tiempo.  aDemocracia aFascismo aSocialismo aEuropa aMariategui - Ensayos